| 000 | 00545nam a22001817a 4500 | ||
|---|---|---|---|
| 003 | BD-DhJNU | ||
| 005 | 20250112060903.0 | ||
| 008 | 250112b |||||||| |||| 00| 0 eng d | ||
| 020 | _a9848526005 | ||
| 040 |
_aBD-DhJNU _bENG _cBD-DhJNU _dBD-DhJNU |
||
| 082 |
_223 _a615.321 |
||
| 100 | _aFarhad, Shiry | ||
| 245 |
_aHakim Md. Yousuf Haroon Bhuiyan and Hamdard Bangladesh / _cShiry Farhad |
||
| 260 |
_aDhaka : _bHamdard Foundation Bangladesh, _c2004. |
||
| 300 |
_a119 p. : _bill. ; _c23 cm. |
||
| 650 | _aHamdard-Bangladesh | ||
| 942 |
_2ddc _cBK _n0 |
||
| 999 |
_c1083 _d1083 |
||